| 000 | 01402nam a22002537a 4500 | ||
|---|---|---|---|
| 003 | DO-SdBNP | ||
| 005 | 20230818153543.0 | ||
| 006 | a||||gr|||| 00| 0 | ||
| 007 | ta | ||
| 008 | 230818e1968 dr ||||| |||| 00| 0 spa d | ||
| 040 |
_aDO-SdBNP _bspa _cBNPHU _erda |
||
| 082 | 4 |
_222 _bR426L |
|
| 110 | 1 |
_aRepública Dominicana _9447 _eautor |
|
| 240 | _a[Leyes] | ||
| 245 | 1 | 0 | _aLey 3003 y sus modificaciones. / |
| 264 | 1 |
_a[Santo Domingo] : _b[sin editora], _c1968 |
|
| 300 |
_a52 páginas ; _c22 cm. |
||
| 336 |
_2rdacontent _atexto _btxt |
||
| 337 |
_2rdamedia _asin mediación _bn |
||
| 338 |
_2rdacarrier _avolumen _bnc |
||
| 505 |
_aCapítulo I.- De los Comandantes de Puertos y sus Atribuciones.-- _tCapítulo II.- De los Inspectores de Costas.-- _tCapítulo III.- De la Entrada de Buques.-- _tCapítulo IV.- Carga y Descarga de Buques.-- _tCapítulo V.- De las Arribadas Forzosas y Arribabas Voluntarias de los Buques no Destinados a Puertos Nacionales.-- _tCapítulo VI.- Operaciones en los Puertos no Habilitados.-- _tCapítulo VII.- De las Condiciones Requeridas a los Buques y Embarcaciones.-- _t VIII.- Cambios de Banderas en los Buques.-- _tIX.- De la Patente de Navegación, Rol de la Tripulación y Carnet de la gente de Mar.-- _tXI.- De los Requisitos para la Construcción de Buques.-- XII.- Del Arqueo y Registro de los Buques. |
||
| 590 | _aInventariado 2023 / MF | ||
| 942 |
_2ddc _cLBS1 |
||
| 999 |
_c54483 _d54483 |
||